| 000 | 00449nam a2200205Ia 4500 | ||
|---|---|---|---|
| 003 | OSt | ||
| 005 | 20220923230825.0 | ||
| 006 | a|||||r|||| 00| 0 | ||
| 007 | ta | ||
| 008 | Pun | ||
| 024 | _a305,869 | ||
| 037 | _cTextual | ||
| 040 |
_aARTS _cARTS _bPun |
||
| 041 |
_2Pun _aPun |
||
| 082 | _aP:3, 153K7 | ||
| 245 | 0 | _aਪੰਜਾਬੀ ਦੁਨੀਆ | |
| 260 | _c1967 | ||
| 942 |
_hP:3, 153K7 _cTEXL _2CC |
||
| 999 |
_c387656 _d387656 |
||